000 00499nam a2200193Ia 4500
003 OSt
005 20250821093217.0
008 210210b2009 xxu||||| |||| 00| 0 eng d
040 _cAL
041 _aeng
082 _a327 APPI
100 _aParvathy Appaiah
_9236739
245 _aInternational relations
_b: theory and concepts
260 _aMangalore
_bJai Bharat Prakashana
_c2009
300 _aiv,144+8p.
690 _aInternational Economics
_9236745
906 _a064889
942 _2ddc
_cBK
999 _c141603
_d141603